[Event "Titled Tuesday intern op 13th Feb Early"]
[Site "Chess.com INT"]
[Date "2024.02.13"]
[Round "10"]
[White "Mohammadi, Melika"]
[Black "Rosen, Eric S"]
[Result "1/2-1/2"]
[WhiteElo "2177"]
[BlackElo "2361"]
[PlyCount "232"]
[EventDate "2024.02.13"]
[EventType "swiss (blitz)"]
[EventRounds "11"]
[EventCountry "USA"]
[SourceTitle "CB08_2024"]
[SourceDate "2024.02.21"]
[SourceVersion "1"]
[SourceVersionDate "2024.02.21"]
[SourceQuality "1"]

1. e4 c5 2. Nf3 Nc6 3. d4 cxd4 4. Nxd4 g6 5. c4 Nf6 6. Nc3 Nxd4 7. Qxd4 d6 8. Be2 Bg7 9. Be3 0-0 10. Qd3 Be6 11. 0-0 a5 12. b3 a4 13. Nxa4 Nd7 14. Rad1 f5 15. exf5 Bxf5 16. Qd5+ Kh8 17. Qd2 Nf6 18. Bh6 Bxh6 19. Qxh6 Qa5 20. Qe3 Bd7 21. Nb6 Rae8 22. Nxd7 Nxd7 23. Bf3 Qxa2 24. Bxb7 Rb8 25. Bd5 Ne5 26. c5 Qa7 27. Rfe1 Rb4 28. cxd6 Qxe3 29. Rxe3 exd6 30. h3 Kg7 31. f3 Rc8 32. Be4 Rb6 33. f4 Nf7 34. Red3 Rc2 35. Bd5 Nh6 36. Be6 Rcc6 37. Bc4 Rb4 38. g4 Nf7 39. Bxf7 Kxf7 40. Rxd6 Rxd6 41. Rxd6 Rxb3 42. Kg2 Rc3 43. Rd2 Kf6 44. Rf2 Rb3 45. Rf3 Rb1 46. Kg3 Rg1+ 47. Kh2 Rd1 48. Rc3 Rd2+ 49. Kg3 Rd6 50. Kf3 Rb6 51. Re3 Ra6 52. Rd3 Rc6 53. Ke4 Re6+ 54. Kf3 Ra6 55. g5+ Ke6 56. Kg4 Ra7 57. Re3+ Kf7 58. h4 Ra1 59. Rg3 Rf1 60. h5 Rh1 61. hxg6+ hxg6 62. Rc3 Rg1+ 63. Kf3 Rf1+ 64. Ke4 Re1+ 65. Re3 Rd1 66. Ke5 Rd8 67. Rc3 Re8+ 68. Kd4 Rd8+ 69. Ke3 Re8+ 70. Kf3 Re7 71. Kg4 Ra7 72. Re3 Rc7 73. Re4 Rd7 74. f5 gxf5+ 75. Kxf5 Rd5+ 76. Re5 Rd1 77. g6+ Kg8 78. Re8+ Kg7 79. Re7+ Kg8 80. Ra7 Rg1 81. Kf6 Rf1+ 82. Kg5 Rg1+ 83. Kh6 Rh1+ 84. Kg5 Kh8 85. Ra8+ Kg7 86. Ra7+ Kg8 87. Ra8+ Kg7 88. Ra7+ Kf8 89. Rb7 Rh2 90. Kf6 Rf2+ 91. Kg5 Rg2+ 92. Kf6 Rf2+ 93. Kg5 Kg8 94. Rb8+ Kg7 95. Rb7+ Kg8 96. Rb8+ Kg7 97. Rb7+ Kh8 98. g7+ Kh7 99. Ra7 Rf1 100. Rb7 Ra1 101. Rc7 Rb1 102. Rd7 Rb5+ 103. Kf6 Rb1 104. Kf7 Rf1+ 105. Ke8 Kg8 106. Kd8 Ra1 107. Re7 Ra8+ 108. Kd7 Ra7+ 109. Ke6 Ra6+ 110. Kd7 Rb6 111. Ke8 Rd6 112. Rd7 Re6+ 113. Kd8 Rf6 114. Re7 Rg6 115. Ke8 Rxg7 116. Rxg7+ Kxg7 1/2-1/2

[Event "Titled Tuesday intern op 13th Feb Early"]
[Site "Chess.com INT"]
[Date "2024.02.13"]
[Round "1"]
[White "Rosen, Eric S"]
[Black "Balint, Vilmos"]
[Result "1-0"]
[WhiteElo "2361"]
[BlackElo "2191"]
[PlyCount "77"]
[EventDate "2024.02.13"]
[EventType "swiss (blitz)"]
[EventRounds "11"]
[EventCountry "USA"]
[SourceTitle "CB08_2024"]
[SourceDate "2024.02.21"]
[SourceVersion "1"]
[SourceVersionDate "2024.02.21"]
[SourceQuality "1"]

1. e4 e6 2. f4 d5 3. e5 c5 4. Nf3 Nc6 5. c3 Nge7 6. Na3 Nf5 7. Bd3 Nh4 8. 0-0 Nxf3+ 9. Qxf3 Bd7 10. b3 Qa5 11. c4 Nd4 12. Qf2 Bc6 13. Bb2 Qb6 14. Rae1 0-0-0 15. f5 Be7 16. fxe6 fxe6 17. Qf7 Rd7 18. Qxg7 Re8 19. Qh6 Qa5 20. Bxd4 cxd4 21. Nc2 Qxa2 22. Qxe6 Qxb3 23. Rf3 dxc4 24. Be4 Bxe4 25. Rxb3 cxb3 26. Qxb3 Bc6 27. Nb4 Bxb4 28. Qxb4 Rg8 29. g3 d3 30. e6 Rdd8 31. e7 Rde8 32. Qd6 Rg6 33. Qxd3 Rg7 34. Qd6 Rg6 35. Qf4 a5 36. d4 a4 37. d5 Bxd5 38. Qf5+ Be6 39. Rxe6 1-0

[Event "Titled Tuesday intern op 13th Feb Late"]
[Site "Chess.com INT"]
[Date "2024.02.13"]
[Round "3"]
[White "Rosen, Eric S"]
[Black "Buchenau, Frank"]
[Result "1-0"]
[WhiteElo "2361"]
[BlackElo "2175"]
[PlyCount "87"]
[EventDate "2024.02.13"]
[EventType "swiss (blitz)"]
[EventRounds "11"]
[EventCountry "USA"]
[SourceTitle "CB08_2024"]
[SourceDate "2024.02.21"]
[SourceVersion "1"]
[SourceVersionDate "2024.02.21"]
[SourceQuality "1"]

1. d4 e6 2. Bf4 Nf6 3. e3 d5 4. Nf3 c5 5. Nbd2 Nc6 6. c3 Bd6 7. Bg3 0-0 8. Bb5 Be7 9. Bd3 b6 10. Ne5 Nxe5 11. dxe5 Nd7 12. Nf3 a5 13. h4 Ba6 14. Ng5 Bxd3 15. Qxd3 g6 16. f4 c4 17. Qc2 Nc5 18. 0-0-0 Bxg5 19. hxg5 Kg7 20. Rh3 Nd3+ 21. Kb1 b5 22. Rdh1 Rh8 23. Be1 b4 24. g4 Rb8 25. Qh2 Kf8 26. Rxh7 Rxh7 27. Qxh7 Nxe1 28. Qh8+ Ke7 29. Qf6+ Kd7 30. Qxf7+ Qe7 31. Qxe7+ Kxe7 32. Rh7+ Kd8 33. Rh8+ Kc7 34. Rxb8 Kxb8 35. f5 exf5 36. gxf5 bxc3 37. fxg6 d4 38. g7 c2+ 39. Kc1 Nd3+ 40. Kxc2 Nb4+ 41. Kb1 c3 42. g8Q+ Kb7 43. exd4 c2+ 44. Kc1 1-0

[Event "Titled Tuesday intern op 13th Feb Early"]
[Site "Chess.com INT"]
[Date "2024.02.13"]
[Round "6"]
[White "Rosen, Eric S"]
[Black "Kopczynski, Michal"]
[Result "0-1"]
[WhiteElo "2361"]
[BlackElo "2225"]
[PlyCount "124"]
[EventDate "2024.02.13"]
[EventType "swiss (blitz)"]
[EventRounds "11"]
[EventCountry "USA"]
[SourceTitle "CB08_2024"]
[SourceDate "2024.02.21"]
[SourceVersion "1"]
[SourceVersionDate "2024.02.21"]
[SourceQuality "1"]

1. e4 b6 2. d4 Bb7 3. Bg5 h6 4. Bh4 Bxe4 5. d5 g5 6. Bg3 Bg7 7. Nc3 Bg6 8. h4 f5 9. hxg5 hxg5 10. Rxh8 Bxh8 11. Bd3 e5 12. Bxf5 Bxf5 13. Qh5+ Kf8 14. Qxh8 d6 15. 0-0-0 Qf6 16. Qxf6+ Nxf6 17. Nf3 Bg4 18. Rh1 Bxf3 19. gxf3 Kg7 20. Rg1 Kf7 21. Bh2 Na6 22. Rxg5 Rh8 23. Rg2 Nb4 24. f4 e4 25. Nb5 Nfxd5 26. a3 Nc6 27. c4 Nf6 28. Nxc7 Nd4 29. Kd2 Rxh2 30. Rxh2 Nf3+ 31. Ke2 Nxh2 32. Nb5 Ke6 33. Nxa7 Nf3 34. Nc8 Nd7 35. f5+ Ke5 36. f6 Nd4+ 37. Ke3 Nf5+ 38. Ke2 Kxf6 39. b4 Ke5 40. a4 Kd4 41. a5 bxa5 42. bxa5 Nc5 43. Na7 Kxc4 44. Nc6 Nd4+ 45. Ke3 Nxc6 46. a6 Kd5 47. f3 exf3 48. Kxf3 Nxa6 49. Ke3 Nc7 50. Kd3 Kc5 51. Kc3 d5 52. Kd3 d4 53. Kd2 Kc4 54. Kc2 d3+ 55. Kc1 Kc3 56. Kd1 d2 57. Ke2 Kc2 58. Kf2 d1Q 59. Kg3 Qd4 60. Kh2 Qe3 61. Kh1 Qe2 62. Kg1 Kd3 0-1